| 000 | 00610nam a2200217Ia 4500 | ||
|---|---|---|---|
| 999 |
_c41169 _d41169 |
||
| 001 | 7819 | ||
| 003 | GE_BSU | ||
| 005 | 20221116111048.0 | ||
| 008 | 181216s2008||||en |||||||||||||| ||eng|| | ||
| 020 | _a9780060742751 x | ||
| 040 | _cGE_BSU | ||
| 041 | _aeng | ||
| 080 | _a640+659 M-64 | ||
| 100 |
_aMeyer, Danny _914808 |
||
| 245 |
_aSetting the table : _bThe transforming Power of Hospitality in Business / _cDanny Meyer |
||
| 264 |
_aNew York : _bHarper, _c2008. |
||
| 300 |
_a320 p. : _c20 cm. |
||
| 653 | _aSetting the table | ||
| 653 | _aᲛაგიდის გაწყობა | ||
| 942 |
_cBK _2udc |
||